The modern American

Bibliographic Details
Corporate Author: American University Washington College of Law
Format: Unknown
Language:English
Published: Washington : The American University Washington College of Law
Subjects:
Online Access:Acceso restringido

MARC

LEADER 00000ny a22000003n 4500
005 20110510102852.0
008 080822s2004 it zn s 000 b0eng c
022 |a 0016-8181 
035 |a 1652 
040 |a BUS  |d vlex 
090 |c 1491  |d 1491 
245 0 4 |a The modern American  |h [Recurso electrn̤ico] 
256 |a Servicio en ln̕ea 
260 |a Washington :  |b The American University Washington College of Law 
506 1 |a Contenido solo disponible en los productos indicados  |d vLex Global  |d vLex Global (Academic Edition, excluding Law Schools)  |d vLex Global (U.S. Academic Edition, Law Schools)  |d vLex Global (U.S. Academic Edition, excluding Law Schools)  |d vLex Global (Academic Edition, Law Schools) 
650 0 4 |a Derecho  |z Estados Unidos  |x Publicaciones perid̤icas 
710 2 |a American University Washington College of Law 
740 0 |a vLex Revista (Servicios en ln̕ea) 
843 |a Electrn̤ica. Abierta 
853 |8 1  |i (year)  |j (month)  |k (day) 
856 4 0 |u http://vlex.com/source/1652  |z Acceso restringido 
942 |c REV